01013 2200325 4500001002100000005001500021035002000036007000300056008004100059020002200100040001700122082001400139084001600153090001800169100002400187245015300211250005300364260003300417300003800450650001800488700001800506700001600524700001900540700002400559850001200583041000800595490004800603990001800651990001800669INLIS00000000081769220181123012143 a0010-1118000038ta181105s2017 jbia b 6 1 ind d a978-602-242-865-7 aYOPDYOGbind04223a741.5 a741.5 ERA p aK 741.5 ERA p0 aEramayawati,d1989-1 aPetualangan cherry /cEramayawati; komikus, Ujul Ramadhan; penyunting naskah, Yulia Nurul, Agus Wijayanto; penyunting ilustrasi, Anniez Poetrie Sara aCetakan I, Jumada Al-Tsaniyah 1438 H/ Maret 2017 aBandung :bDAR! Mizan,c2017 a118 halaman :bilustrasi ;c21 cm 4aKomik, Bacaan0 aUjul Ramadhan0 aYulia Nurul0 aAgus Wijayanto0 aAnniez Poetrie Sara aYOPDYOG0 aind aSeri komik detektif kecil-kecil punya karya a35609-PD/B.18 a35610-PD/B.18